Statistics for Every 100k+ city in Argentina on a map

Click here to take the quiz!

General Stats

  • This quiz has been taken 137 times
  • The average score is 20 of 41

Answers on the Map

Answers color-coded by a green-red scale on the quiz's map according to % correct below.
 

Answer Stats

HintAnswer% Correct
2,891,082Buenos Aires
98%
1,612,100Cordoba
94%
1,339,500Rosario
90%
1,053,500Mendoza
88%
902,200San Miguel de Tucuman
82%
852,800La Plata
80%
644,400Salta
78%
626,300Mar del Plata
73%
299,000Bahia Blanca
65%
540,200Santa Fe
65%
254,900Formosa
61%
512,000San Juan
61%
395,600Neuquen
59%
115,700Rio Gallegos
55%
393,200Corrientes
53%
215,800Comodoro Rivadavia
51%
214,200San Luis
51%
216,700La Rioja
47%
361,400Posadas
47%
353,200San Salvador de Jujuy
47%
401,800Santiago del Estero
47%
290,500Parana
45%
432,800Resistencia
45%
107,400Trelew
43%
222,100Catamarca
41%
115,900Santa Rosa
41%
182,200Rio Cuarto
37%
166,400Concordia
35%
131,800San Carlos de Bariloche
35%
130,200Tandil
33%
109,400Zarate
33%
110,500Puerto Madryn
31%
104,600Rafaela
31%
132,500San Rafael
31%
108,700Lujan
27%
105,100Reconquista
25%
110,100Villa Maria
25%
127,300Villa Mercedes
25%
100,400San Martin
20%
141,900San Nicolás de los Arroyos
20%
104,700Presidencia Roque Sáenz Peña
14%

Score Distribution

Percentile by Number Answered

Percent of People with Each Score

Your Score History

You have not taken this quiz